Sobre el objeto de las ficciones pretorias

Guardat en:
Dades bibliogràfiques
Autor principal: Guzmán Brito, Alejandro Ángel (autor)
Format: Llibre
Idioma:espanyol
llatí
Publicat: Santiago Revista Chilena de Historia del derecho 2000
Matèries:
Etiquetes: Afegir etiqueta
Sense etiquetes, Sigues el primer a etiquetar aquest registre!

MARC

LEADER 00000nam a2200000 a 4500
001 UCH1771
003 CL-VaPUC
008 090514e20000000CL |||||||||||||||||spa|d
041 0 7 |a spa  |2 CL-VaPUC 
041 0 7 |a lat  |2 CL-VaPUC 
082 0 4 |a 340.54  |b GUZ  |2 21 
100 |a Guzmán Brito, Alejandro Ángel  |e autor  |9 388 
245 1 0 |a Sobre el objeto de las ficciones pretorias 
300 |a 10 p 
942 |c BK 
945 |d 20090514 00:00:00  |a rbrito 
260 |a Santiago  |b Revista Chilena de Historia del derecho  |c 2000 
500 |a Separata de la Revista Chilena de Historia del Derecho 
650 0 |a Derecho romano  |9 255930 
583 |a last modification  |c 20090514 00:00:00  |k Rodrigo Vera 
999 |c 333685  |d 333683 
952 |0 0  |1 0  |4 0  |6 340_540000000000000_GUZ_2000  |7 0  |8 X  |9 422252  |a FDOBUD  |b FDOBUD  |d 2019-11-22  |i 4547586  |o 340.54 GUZ 2000  |p 4547586  |r 2019-11-22  |w 2019-11-22  |y BK_X  |k FHP